000
00233nam a2200109Ia 4500
008
240521s1999 xx 000 0 und d
041
_a
eng
100
_a
AUSTEN J.
245
_a
NORTHANGER ABBEY.
260
_c
1999
300
_a
257
999
_c
1159185
_d
1159185